000 00360 a2200157 4500
001 44575
020 _a9788572081900
040 _cAnchieta - Aquarius
100 _aJunqueira, Sônia
240 1 0 _aA bruxa ataca de panela
_lpor
245 1 0 _aA bruxa ataca de panela
300 _a18
362 0 _a2005
650 4 _aLiteratura infanto-juvenil
942 _cBK
999 _c44575
_d44575